[Event "Bad Wiessee Seniors op"]
[Site "Bad Wiessee"]
[Date "2012.04.28"]
[Round "8"]
[White "Reichenauer, Otto"]
[Black "Eichinger, Guenther"]
[Result "0-1"]
[WhiteElo "1712"]
[BlackElo "1831"]
[PlyCount "145"]
[EventDate "2012.04.21"]
[EventType "swiss"]
[EventRounds "9"]
[EventCountry "GER"]
[SourceTitle "EXT 2015"]
[Source "ChessBase"]
[SourceDate "2014.11.20"]
[SourceVersion "1"]
[SourceVersionDate "2014.11.20"]
[SourceQuality "1"]

1. e4 c5 2. Nf3 d6 3. d4 cxd4 4. Nxd4 a6 5. Nc3 e6 6. Be2 Nd7 7. 0-0 Ngf6 8. Kh1 b5 9. a3 Bb7 10. f3 Be7 11. Be3 0-0 12. Qe1 Rc8 13. Qf2 d5 14. exd5 Nxd5 15. Nxd5 Bxd5 16. c3 Bh4 17. g3 Bg5 18. Rad1 Qf6 19. Bxg5 Qxg5 20. Kg1 Nc5 21. f4 Qg6 22. Bf3 Ne4 23. Bxe4 Qxe4 24. Qf3 Qg6 25. Qf2 Rc4 26. Nf3 Rxf4 27. Qe3 Re4 28. Qf2 Qg4 29. Rd4 Rxd4 30. Nxd4 f6 31. Re1 e5 32. Nf5 Be6 33. Ne3 Qg6 34. Rd1 Bh3 35. Qf3 e4 36. Qf2 f5 37. Nd5 Qf7 38. Nf4 Bg4 39. Rd2 Bf3 40. h4 Qa2 41. Ng2 Re8 42. Qe3 h6 43. Kh2 Qf7 44. Rd6 a5 45. Ne1 Bg4 46. Ng2 Qe7 47. Rd5 Rd8 48. Qd4 Rxd5 49. Qxd5+ Kh7 50. Ne3 g6 51. Qd4 Bf3 52. Nd5 Qf7 53. Nf6+ Kg7 54. Nxe4+ Kf8 55. Nd6 Qe6 56. Qh8+ Ke7 57. Nc8+ Kd7 58. Nb6+ Qxb6 59. Qg7+ Kc8 60. Qf8+ Kb7 61. Qe7+ Ka6 62. Qe1 Qc6 63. Qd2 Qe6 64. Kg1 g5 65. hxg5 Qb6+ 66. Qf2 hxg5 67. Qxb6+ Kxb6 68. Kf2 Be4 69. Ke3 Kc5 70. b3 Bc2 71. b4+ axb4 72. axb4+ Kc4 73. Kd2 0-1

[Event "Bad Wiessee Seniors op"]
[Site "Bad Wiessee"]
[Date "2012.04.24"]
[Round "4"]
[White "Pasedag, Peter"]
[Black "Reichenauer, Otto"]
[Result "1-0"]
[WhiteElo "2097"]
[BlackElo "1712"]
[PlyCount "120"]
[EventDate "2012.04.21"]
[EventType "swiss"]
[EventRounds "9"]
[EventCountry "GER"]
[SourceTitle "EXT 2015"]
[Source "ChessBase"]
[SourceDate "2014.11.20"]
[SourceVersion "1"]
[SourceVersionDate "2014.11.20"]
[SourceQuality "1"]

1. e4 e6 2. b3 d5 3. Bb2 Nf6 4. e5 Nfd7 5. f4 c5 6. Qg4 Nc6 7. Nf3 Nb6 8. Be2 c4 9. 0-0 cxb3 10. axb3 Ne7 11. Nd4 Nf5 12. Nxf5 exf5 13. Qg3 Be6 14. Kh1 g6 15. Bd4 a6 16. Nc3 Nd7 17. Qe3 Rc8 18. Na4 Rc6 19. c4 dxc4 20. bxc4 Be7 21. d3 b5 22. Bf3 Rc7 23. cxb5 axb5 24. Nc3 b4 25. Nb5 Rc8 26. Nd6+ Bxd6 27. exd6 0-0 28. Rfe1 b3 29. Bb7 Rb8 30. Bc6 Re8 31. Bb2 f6 32. d4 Kg7 33. d5 Bf7 34. Qa7 Rxe1+ 35. Rxe1 Qb6 36. Qxd7 Qf2 37. Bxf6+ Kh6 38. Qe7 b2 39. Bh4 Qd4 40. d7 b1Q 41. d8Q Qxe1+ 42. Qxe1 Rxd8 43. Bxd8 Qxf4 44. Bf6 g5 45. h3 Kg6 46. Qe5 Qc4 47. Bg7 Qc1+ 48. Kh2 Qf4+ 49. Qxf4 gxf4 50. Be5 Bg8 51. d6 Be6 52. d7 Bxd7 53. Bxd7 Kg5 54. Be8 h6 55. Kg1 f3 56. g3 h5 57. Kf2 h4 58. gxh4+ Kxh4 59. Bd7 Kxh3 60. Bxf5+ Kh4 1-0